| 000 | 00919 a2200217 4500 | ||
|---|---|---|---|
| 001 | 3771 | ||
| 005 | 20260407155430.0 | ||
| 008 | 260407a2011 arg spa d | ||
| 003 | AR-UNSa-BCEJYS | ||
| 040 |
_aAR-UNSa-BCEJYS _bspa _cAR-UNSa-BCEJYS |
||
| 080 |
_a17 _xFilosofía moral. Ética. Filosofía práctica |
||
| 245 | 1 | 0 | _aEscándalos éticos |
| 020 | _a978-950-9445-89-5 | ||
| 264 | 1 |
_aBuenos Aires : _bTemas Grupo Editorial _c2011 |
|
| 300 |
_a336 p. _c22 cm. |
||
| 505 | _a1. ¿Por qué cayó la economía mundial? Acerca de los vacíos éticos - 2. Las caras de la pobreza - 3. Discriminaciones e inequidades - 4. Con la naturaleza no se negocia - 5. Propuestas para una sociedad inclusiva | ||
| 942 | _cBK | ||
| 590 | _aniveau_biblio:m niveau_hierar:0 | ||
| 100 | 1 | _aKliksberg, Bernardo | |
| 856 | 4 | 1 |
_uhttps://biblioeco.unsa.edu.ar/pmb/images/libros/Escandalos Eticos-l117916.jpg _yImagen de portada _qimage/jpeg |
| 999 |
_c356 _d356 |
||